La Revolution et l'Empire (1789-1815). (Record no. 141420)

MARC details
000 -LEADER
campo de control de longitud fija 00924nam a2200241 i 4500
001 - NÚMERO DE CONTROL
campo de control 141420
003 - IDENTIFICADOR DE NÚMERO DE CONTROL
campo de control ES-MaACL
005 - FECHA Y HORA DE LA ÚLTIMA TRANSACCIÓN
campo de control 20250808053335.0
007 - CAMPO FIJO DE DESCRIPCIÓN FÍSICA--INFORMACIÓN GENERAL
campo de control de longitud fija t|
008 - DATOS DE LONGITUD FIJA--INFORMACIÓN GENERAL
campo de control de longitud fija 070924s1936 fr ||||1| fre d
100 1# - ENTRADA PRINCIPAL--NOMBRE DE PERSONA
Nombre de persona Villat, Louis.
9 (RLIN) 115163
245 13 - MENCIÓN DEL TÍTULO
Título La Revolution et l'Empire (1789-1815).
Número de parte o sección de la obra I,
Nombre de parte o sección de la obra Les assemblées révolutionnaires (1789-1799) /
Mención de responsabilidad, etc. par Louis Villat ; avant-propós de S. Charléty.
260 ## - PUBLICACIÓN, DISTRIBUCIÓN, ETC.
Lugar de publicación, distribución, etc. Paris :
Nombre del editor, distribuidor, etc. Presses Universitaires de France,
Fecha de publicación, distribución, etc. 1936.
300 ## - DESCRIPCIÓN FÍSICA
Extensión 1 v. (LXVIII, 421 p.) ;
Dimensiones 20 cm.
490 1# - MENCIÓN DE SERIE
Mención de serie Clio, introduction aux études historiques ;
Designación de volumen o secuencia 8
650 #4 - PUNTO DE ACCESO ADICIONAL DE MATERIA--TÉRMINO DE MATERIA
Término de materia o nombre geográfico como elemento de entrada
9 (RLIN) 241183
651 #0 - PUNTO DE ACCESO ADICIONAL DE MATERIA--NOMBRE GEOGRÁFICO
Nombre geográfico Francia-
Subdivisión general Historia-
Subdivisión cronológica 1789-1799, Revolución
9 (RLIN) 241176
651 #7 - PUNTO DE ACCESO ADICIONAL DE MATERIA--NOMBRE GEOGRÁFICO
Nombre geográfico Francia-
Subdivisión general Historia-
Subdivisión cronológica 1789-1815
Fuente del encabezamiento o término
9 (RLIN) 163994
700 1# - ENTRADA AGREGADA--NOMBRE PERSONAL
Nombre de persona Charléty, Sébastien.
9 (RLIN) 38084
830 1# - PUNTO DE ACCESO ADICIONAL DE SERIE-TÍTULO UNIFORME
Título uniforme Clio, introduction aux études historiques ;
Designación de volumen o secuencia 8
9 (RLIN) 189992
852 ## - LOCALIZACIÓN
Ubicación ES-MaACL
Número de control de estantería D-6135
Holdings
Estatus retirado Estado de pérdida Estado de daño No para préstamo Biblioteca de origen Biblioteca actual Ubicación en estantería Fecha de adquisición Fuente de adquisición Total de préstamos Signatura topográfica completa Código de barras Visto por última vez Precio de reemplazo Tipo de ítem Koha
        Biblioteca del Ateneo de Madrid Biblioteca del Ateneo de Madrid Sala Valle Inclán 17/01/2008     D-6135 901147151 23/02/2023 23/02/2023 Libro impreso